1694 1638 1002 1217 1562 1040 1690 1778 1968 1945 1175 1241 1485 1949 1100 1990 1219 1952 1495 1986 1441 1113 1207 1033 1445 1172 1130 1826 1526 1652 1922 1421 1268 1363 1542 1821 1375 1114 1826 1758 1125 1893 1344 1871 1492 1497 1163 1554 1290 1195 1265 1816 1952 1223 1077 1048 1912 1458 1660 1126 1852 1565 1541 1447 1036 1664 1660 1943 1409 1388 1148 1689 1378 1316 1475 1189 1066 1342 1874 1439 1432 1212 1583 1703 1322 1479 1528 1530 1314 1944 1290 1116 1888 1964 1247 1672 1507 1772 1040 BCNSPRNW ULIB Ver.6.0+V

เปลี่ยนเป็นภาษาไทย

Change to English
 แสดงรายละเอียดบรรณานุกรม
  กลับหน้าหลัก

Brief Record : Get Marc (ISO 2709) : E-mail record : QR code < ปิดหน้าต่าง
LEADER : 00000nam 2200000uu 4500
001    13399110857
003     ULIB
008    110610s2549||||th 000 0 tha d
020    9746507117
060 04 WS280^bก461 2549
245 00 การบำบัดรักษาทางระบบหายใจในเด็ก : สำหรับแพทย์และพยาบาล :^bThe essentials of pediatric respiratory care /^cบรรณาธิการ, อรุณวรรณ พฤทธิพันธุ์ ... [และคนอื่นๆ]
246 30 The essentials of pediatric respiratory care
250    พิมพ์ครั้งที่ 1
260    กรุงเทพฯ :^bโครงการส่งเสริมและฟื้นฟูสมรรถภาพปอดเด็กคณะแพทยศาสตร์โรงพยาบาลรามาธิบดี,^c2549
300    ix, 494 หน้า :^bภาพประกอบ ;^c27 ซม.
500    โครงการส่งเสริมและฟื้นฟูสมรรถภาพปอดเด็กคณะแพทยศาสตร์โรงพยาบาลรามาธิบดี
504    บรรณานุกรมและดัชนี
650  2 Respiratory System^xin infancy & childhood^xtherapy
650  2 Respiratory Tract Diseases^xin infancy & childhood
650  7 การหายใจ, ระบบ^xในวัยทารกและวัยเด็ก
650  7 ทางเดินหายใจ, โรค
650  7 การรักษาทางระบบหายใจ^xในวัยทารก และวัยเด็ก
700 0  อรุณวรรณ พฤทธิพันธ,^eบรรณาธิการ
710 2  คณะแพทยศาสตร์โรงพยาบาลรามาธิบดี.^bโครงการส่งเสริมและฟื้นฟูสมรรถภาพปอดเด็ก
945    ^p500^l0^i020391
995    ทศพร
999 ^a ใช้งานได้ทุกระบบ
รายการนี้ยังไม่มีแท็ก
คุณยังไม่ได้ล็อกอิน คุณสามารถมีกิจกรรมร่วมกับเว็บไซต์ได้ แต่ต้องล็อกอินก่อน ::
  ล็อกอิน

รายการสื่อสารสนเทศ

ลำดับที่ ประเภท เลขเรียก/บาร์โค้ด สถานที่ สถานะ
- ไม่พบข้อมูล -

รายการใกล้เคียง
    หัวเรื่อง [ทางเดินหายใจ, โรค]

BibComment


ยังไม่เคยถูกคอมเมนท์

คอมเมนท์ทรัพยากรรายการนี้
  คอมเมนท์: การบำบัดรักษาทางร..


 Copyright 2026. Bcnsprnw @Library